| 000 | 00557cam a2200193 4500500 | ||
|---|---|---|---|
| 005 | 20260405001717.0 | ||
| 041 | _afre | ||
| 042 | _adc | ||
| 100 | 1 | 0 |
_aBarton, Adrien _eauthor |
| 245 | 0 | 0 | _aLe monde à l’envers |
| 260 | _c2014. | ||
| 500 | _a50 | ||
| 690 | _aAdrien Barton | ||
| 690 | _aCarte | ||
| 690 | _aGéographie | ||
| 690 | _aPerspective | ||
| 786 | 0 | _nPhilosophie magazine | 76 | 2 | 2014-02-01 | p. 67-67 | 1951-1787 | |
| 856 | 4 | 1 | _uhttps://shs.cairn.info/magazine-philosophie-magazine-2014-2-page-67?lang=fr&redirect-ssocas=7080 |
| 999 |
_c2050272 _d2050272 |
||